Leeltaans : (Record no. 892829)
[ view plain ]
| 000 -LEADER | |
|---|---|
| fixed length control field | 01135nam a2200361 a 4500 |
| 001 - CONTROL NUMBER | |
| control field | vtls001441606 |
| 003 - CONTROL NUMBER IDENTIFIER | |
| control field | NLI |
| 005 - DATE AND TIME OF LATEST TRANSACTION | |
| control field | 20210627122205.0 |
| 008 - FIXED-LENGTH DATA ELEMENTS--GENERAL INFORMATION | |
| fixed length control field | 121130s1996 ii 000 p eng |
| 020 ## - INTERNATIONAL STANDARD BOOK NUMBER | |
| International Standard Book Number | 8172018231 (pbk) |
| Terms of availability | Rs. 55.00 |
| 039 #9 - LEVEL OF BIBLIOGRAPHIC CONTROL AND CODING DETAIL [OBSOLETE] | |
| -- | 201211301701 |
| -- | VLOAD |
| 040 ## - CATALOGING SOURCE | |
| Original cataloging agency | NLI |
| Language of cataloging | eng |
| Transcribing agency | Datasoft_GENG |
| Description conventions | AACR2 |
| 041 1# - LANGUAGE CODE | |
| Language code of text/sound track or separate title | eng |
| Language code of original | raj |
| 044 ## - COUNTRY OF PUBLISHING/PRODUCING ENTITY CODE | |
| MARC country code | ii |
| 082 04 - DEWEY DECIMAL CLASSIFICATION NUMBER | |
| Classification number | 891.4791 |
| 100 1# - MAIN ENTRY--PERSONAL NAME | |
| Personal name | Sethia, Kanhaiya Lal, |
| Dates associated with a name | 1919- |
| 9 (RLIN) | 1005068 |
| 240 10 - UNIFORM TITLE | |
| Uniform title | Lilatamsa. |
| Language of a work | English |
| 245 10 - TITLE STATEMENT | |
| Title | Leeltaans : |
| Remainder of title | the blue jay / |
| Statement of responsibility, etc. | Kanhaiya Lal Sethia ; translated [from the Rajasthani] by Shyam Mathur |
| 246 0# - VARYING FORM OF TITLE | |
| Title proper/short title | Blue jay |
| 260 ## - PUBLICATION, DISTRIBUTION, ETC. | |
| Place of publication, distribution, etc. | New Delhi : |
| Name of publisher, distributor, etc. | Sahitya Akademi, |
| Date of publication, distribution, etc. | 1996 |
| 300 ## - PHYSICAL DESCRIPTION | |
| Extent | 83 p ; |
| Dimensions | 22 cm. |
| 500 ## - GENERAL NOTE | |
| General note | Poems |
| 500 ## - GENERAL NOTE | |
| General note | "Sahitya Akademi award-winning Rajasthani poems." |
| 500 ## - GENERAL NOTE | |
| General note | Translation of: Lilatamsa |
| 650 #0 - SUBJECT ADDED ENTRY--TOPICAL TERM | |
| Topical term or geographic name entry element | Rajasthani poetry |
| General subdivision | Translations into English |
| 9 (RLIN) | 780849 |
| 700 1# - ADDED ENTRY--PERSONAL NAME | |
| Personal name | Mathur, Shyam, |
| Relationship | trl |
| 9 (RLIN) | 1005069 |
| 887 ## - NON-MARC INFORMATION FIELD | |
| Content of non-MARC field | |
| 901 ## - LOCAL DATA ELEMENT A, LDA (RLIN) | |
| a | DB70055 |
| b | 13.05.1997 |
| 902 ## - LOCAL DATA ELEMENT B, LDB (RLIN) | |
| a | E 891.4791 Se 75 |
| 904 ## - LOCAL DATA ELEMENT D, LDD (RLIN) | |
| l | 3735 |
| 949 ## - LOCAL PROCESSING INFORMATION (OCLC) | |
| -- | VIRTUAITEM |
| -- | 10000 |
| -- | 100 |
| 6 | DBA000070055ENG |
| 942 ## - ADDED ENTRY ELEMENTS (KOHA) | |
| Source of classification or shelving scheme | Dewey Decimal Classification |
| Koha item type | Books |
| Withdrawn status | Lost status | Damaged status | Not for loan | Collection code | Home library | Current library | Shelving location | Date acquired | Total Checkouts | Full call number | Barcode | Date last seen | Price effective from | Koha item type |
|---|---|---|---|---|---|---|---|---|---|---|---|---|---|---|
| New English | National Library of India | National Library of India | New English - Main Stack Division | E 891.4791 Se 75 | DBA000070055ENG | 27/06/2021 | 27/06/2021 | Books |
